=LDR 00000nam 2200000 4500 =001 INLIS000000000000409 =005 20150312084928.0 =006 =007 =008 Ind =035 ##$$0010-061300000000409 =041 ##$$a Ind =082 ##$$a 300.72 =090 ##$$a 300.72 Bla p =100 ##$$a Blalock, Hubert M =245 ##$$a Pengantar penelitian sosial / Hubert M. Blalock =260 ##$$a Jakarta $b Rajawali Pers $c 1987 =300 ##$$a viii, 154 hlm. : ilus. ; 21 cm =650 ##$$a Ilmu Sosial =650 ##$$a Penelitian =850 ##$$a NBPNMAT